Năm rối loạn chức năng ở một nhóm lãnh đạo: chuyện về thuật lãnh đạo

Đã lưu trong:
书目详细资料
主要作者: Patrack Lencioni
格式: 图书
语言:Undetermined
出版: Thành phố Hồ Chí Minh Thừoi báo kinh tế Sài Gòn 2005
主题:
标签: 添加标签
没有标签, 成为第一个标记此记录!
Thư viện lưu trữ: Trung tâm Học liệu Trường Đại học Cần Thơ
LEADER 00692nam a2200217Ia 4500
001 CTU_101502
008 210402s9999 xx 000 0 und d
020 |c 51000 
082 |a 658.06 
082 |b L563 
100 |a Patrack Lencioni 
245 0 |a Năm rối loạn chức năng ở một nhóm lãnh đạo: 
245 0 |b chuyện về thuật lãnh đạo 
245 0 |c Patrack Lencioni 
260 |a Thành phố Hồ Chí Minh 
260 |b Thừoi báo kinh tế Sài Gòn 
260 |c 2005 
650 |a general management,organizations 
650 |x management 
904 |i Hiếu 
980 |a Trung tâm Học liệu Trường Đại học Cần Thơ